[Event "Fly like a Bird"]
[Site "SchemingMind.com"]
[Date "2013.10.25"]
[Round "-"]
[White "private napoleon"]
[Black "Iucounu"]
[Result "1-0"]
[WhiteCountry "ENG"]
[BlackCountry "ENG"]
[WhiteElo "1752"]
[WhiteRD "68"]
[BlackElo "1289"]
[BlackRD "49"]
[GameID "340477"]

1. f4 d5 2. Nf3 g6 3. d4 Bg7 4. b3 Bg4 5. Bb2 Nc6 6. Nbd2 e6 7. e3 Nf6 8. Be2 O-O 9. O-O Bf5 10. a3 a6
11. c4 Ne4 12. Nxe4 Bxe4 13. cxd5 Bxd5 14. Rc1 b5 15. Bd3 Rb8 16. Ne5 Nxe5 17. fxe5 Qd7 18. Rc5 Rfe8 19. Qc2 Rec8 20. Rc1 Ba8
21. Rxc7 Rxc7 22. Qxc7 Qxc7 23. Rxc7 Bd5 24. b4 Bh6 25. Kf2 Rb7 26. Rc8+ Bf8 27. e4 Bb3 28. Bc1 Kg7 29. Bg5
1-0

[Event "Fly like a Bird"]
[Site "SchemingMind.com"]
[Date "2013.10.25"]
[Round "-"]
[White "Iucounu"]
[Black "private napoleon"]
[Result "0-1"]
[WhiteCountry "ENG"]
[BlackCountry "ENG"]
[WhiteElo "1289"]
[WhiteRD "49"]
[BlackElo "1752"]
[BlackRD "68"]
[GameID "340478"]

1. f4 e5 2. e4 exf4 3. Nf3 g5 4. h4 g4 5. Ne5 Nf6 6. d4 d6 7. Nd3 Nxe4 8. Bxf4 Be7 9. Qe2 f5 10. Nd2 d5
11. O-O-O Bxh4 12. Nxe4 fxe4 13. Ne5 Nc6 14. Nxc6 bxc6 15. g3 Bg5 16. Qe3 Bf6 17. Rh6 Rb8 18. Be5 Bxe5 19. Be2 Bg7 20. Rxc6 Qd7
21. Rc3 O-O
0-1

[Event "Fly like a Bird"]
[Site "SchemingMind.com"]
[Date "2013.10.30"]
[Round "-"]
[White "Shanks"]
[Black "private napoleon"]
[Result "0-1"]
[WhiteCountry "ENG"]
[BlackCountry "ENG"]
[WhiteElo "1444"]
[WhiteRD "63"]
[BlackElo "1752"]
[BlackRD "68"]
[GameID "340783"]

1. f4 e5 2. fxe5 d6 3. exd6 Bxd6 4. Nf3 g5 5. g3 g4 6. Nh4 Ne7 7. d4 Ng6 8. Nxg6 hxg6 9. Bg2 Qe7 10. a3 Nc6
11. d5 Ne5 12. Nc3 Nf3+ 13. Bxf3 gxf3 14. e3 Bxg3+ 15. hxg3 Rxh1+ 16. Kf2 Rxd1 17. Nxd1 Bg4 18. c4 f5 19. Bd2 Qh7 20. Kg1 O-O-O
21. Nf2 Rh8 22. b4 Qh2+ 23. Kf1 Qg2+
0-1

[Event "Fly like a Bird"]
[Site "SchemingMind.com"]
[Date "2013.10.31"]
[Round "-"]
[White "Shanks"]
[Black "Iucounu"]
[Result "1-0"]
[WhiteCountry "ENG"]
[BlackCountry "ENG"]
[WhiteElo "1444"]
[WhiteRD "63"]
[BlackElo "1289"]
[BlackRD "49"]
[GameID "340784"]

1. f4 d5 2. d4 Nf6 3. h3 e6 4. Nf3 Nc6 5. a3 h6 6. Nc3 a6 7. e3 Be7 8. Be2 O-O 9. O-O b5 10. Bd2 Ne4
11. Nxe4 dxe4 12. Nh2 Bb7 13. Bc3 Na7 14. Qe1 Bd5 15. Qg3 Bh4 16. Qg4 Bf6 17. Bd1 Bc4 18. Re1 Bh4 19. Re2 Bxe2 20. Bxe2 Bf6
21. Nf1 Qd5 22. Ng3 g6 23. h4 h5 24. Qh3 Nc8 25. b4
1-0

[Event "Fly like a Bird"]
[Site "SchemingMind.com"]
[Date "2013.10.27"]
[Round "-"]
[White "private napoleon"]
[Black "Shanks"]
[Result "1-0"]
[WhiteCountry "ENG"]
[BlackCountry "ENG"]
[WhiteElo "1752"]
[WhiteRD "68"]
[BlackElo "1444"]
[BlackRD "63"]
[GameID "340785"]

1. f4 d5 2. Nf3 Nf6 3. d4 c6 4. Ne5 Ne4 5. g3 e6 6. Bg2 Nf6 7. O-O Na6 8. Nc3 Bd6 9. a3 O-O 10. e4 dxe4
11. Nxe4 Nxe4 12. Bxe4 f5 13. Bd3 Nc7 14. Bd2 Nd5 15. c4 Nf6 16. Qe2 Bxe5 17. dxe5 Nd7 18. Bc3 Nc5 19. Rad1 Nxd3 20. Qxd3 Qe7
21. Bb4 c5 22. Be1 b6 23. b4 cxb4 24. Bxb4 Qd7 25. Qxd7 Bxd7 26. Rxd7 Rfc8 27. Rc1 a5 28. Bd6 a4 29. Kg2 h6 30. c5 bxc5
31. Rxc5 Re8 32. Rcc7 h5 33. Rxg7+ Kh8 34. Rh7+ Kg8 35. Rcg7#
1-0

[Event "Fly like a Bird"]
[Site "SchemingMind.com"]
[Date "2013.10.31"]
[Round "-"]
[White "Iucounu"]
[Black "Shanks"]
[Result "0-1"]
[WhiteCountry "ENG"]
[BlackCountry "ENG"]
[WhiteElo "1289"]
[WhiteRD "49"]
[BlackElo "1444"]
[BlackRD "63"]
[GameID "340786"]

1. f4 d5 2. Nf3 c6 3. g3 Nf6 4. e3 Nbd7 5. Bh3 e6 6. b3 Ne4 7. Bb2 Rg8 8. O-O Ndf6 9. Nc3 Nd6 10. Ne5 Nde4
11. Ng4 Nd7 12. Nxe4 dxe4 13. Ne5 Nf6 14. Ng4 Nxg4 15. Bxg4 g5 16. Bh3 g4 17. Bg2 f5 18. d4 exd3 19. Qxd3 Qe7 20. a4 a5
21. Ba3 c5 22. Qb5+ Kf7 23. Qd3 Rb8
0-1

[Event "Fly like a Bird"]
[Site "SchemingMind.com"]
[Date "2013.11.04"]
[Round "-"]
[White "mochiron"]
[Black "Shanks"]
[Result "0-1"]
[WhiteCountry "JPN"]
[BlackCountry "ENG"]
[WhiteElo "1371"]
[WhiteRD "76"]
[BlackElo "1442"]
[BlackRD "61"]
[GameID "341137"]

1. f4 d5 2. Nf3 Nf6 3. e3 c6 4. Be2 Nbd7 5. O-O e6 6. d4 Ne4 7. Nc3 Nd6 8. Ne5 Nf6 9. Bd2 Nfe4 10. Nxe4 Nxe4
11. Bf3 Nxd2 12. Qxd2 Be7 13. a3 O-O 14. Bg4 Bf6 15. Nf3 Qc7 16. Ne5 Bxe5 17. fxe5 b5 18. e4 dxe4 19. Qe3 Bb7 20. Qxe4 c5
21. Qd3 c4 22. Qg3 Bd5 23. c3 Qc6 24. Rf2 a5 25. Raf1 a4 26. h4 Rab8 27. Bh5 g6 28. Bf3 Bxf3 29. Rxf3 Rb7 30. h5 Qc7
31. hxg6 hxg6 32. Rf6 Kg7 33. R1f4 Rg8 34. Rg4 Qd8 35. Rfxg6+ fxg6 36. Rxg6+ Kf7 37. Qf4+ Kxg6
0-1

[Event "Fly like a Bird"]
[Site "SchemingMind.com"]
[Date "2013.11.04"]
[Round "-"]
[White "mochiron"]
[Black "private napoleon"]
[Result "0-1"]
[WhiteCountry "JPN"]
[BlackCountry "ENG"]
[WhiteElo "1371"]
[WhiteRD "76"]
[BlackElo "1767"]
[BlackRD "73"]
[GameID "341138"]

1. f4 e5 2. Nf3 e4 3. Ne5 d5 4. e3 Nf6 5. d4 Nbd7 6. Bb5 a6 7. Bxd7+ Nxd7 8. O-O Nxe5 9. dxe5 g6 10. Bd2 Bg7
11. Nc3 Be6 12. a3 Qd7 13. Ne2 c5 14. c4 d4 15. exd4 cxd4 16. f5 gxf5 17. Nf4 Bxc4 18. e6 Bxe6 19. Nxe6 fxe6 20. Qh5+ Qf7
21. Qd1 Rg8 22. Qa4+ b5 23. Qb4 e3 24. Be1 d3 25. Bd2 exd2 26. Qxd2 Qg6 27. g3 Bd4+ 28. Kg2 e5 29. Rac1 f4 30. Kh1 fxg3
31. Qg2 e4 32. Rf4 Kd8 33. Rxe4 Qxe4 34. Qxe4 g2+ 35. Qxg2 Rxg2 36. h4 d2 37. Rd1 Rg1+ 38. Rxg1 Bxg1 39. Kxg1 d1=Q+
0-1

[Event "Fly like a Bird"]
[Site "SchemingMind.com"]
[Date "2013.11.05"]
[Round "-"]
[White "mochiron"]
[Black "Iucounu"]
[Result "1-0"]
[WhiteCountry "JPN"]
[BlackCountry "ENG"]
[WhiteElo "1377"]
[WhiteRD "76"]
[BlackElo "1289"]
[BlackRD "49"]
[GameID "341139"]

1. f4 d5 2. Nf3 Nf6 3. e3 g6 4. Be2 Bg7 5. O-O O-O 6. d3 c5 7. d4 Nc6 8. dxc5 Bg4 9. Nc3 e6 10. h3 Bxf3
11. Bxf3 Nd7 12. Bd2 Nxc5 13. b4 Nxb4 14. a3 Nc6 15. Ne2 Bxa1 16. Qxa1 f5 17. Bb4
1-0

[Event "Fly like a Bird"]
[Site "SchemingMind.com"]
[Date "2013.11.05"]
[Round "-"]
[White "Shanks"]
[Black "mochiron"]
[Result "1-0"]
[WhiteCountry "ENG"]
[BlackCountry "JPN"]
[WhiteElo "1427"]
[WhiteRD "63"]
[BlackElo "1350"]
[BlackRD "76"]
[GameID "341140"]

1. f4 b6 2. d3 Bb7 3. e4 Nc6 4. a3 e5 5. Ne2 exf4 6. Bxf4 Nf6 7. e5 Nd5 8. Bg3 Ne3 9. Qd2 Nxf1 10. Rxf1 Qe7
11. Nbc3 O-O-O 12. d4 d6 13. Nd5 Qe6 14. Ndf4 Qe7 15. Nd5 Qe8 16. exd6 cxd6 17. O-O-O h6 18. Rde1 Ne7 19. Nxe7+ Bxe7 20. d5 Kb8
21. Nc3 Qd7 22. Rxf7 Rhe8 23. Rxg7 Qf5 24. Rgxe7 Rxe7 25. Rxe7 Ba6 26. Re1 Bb7 27. Nb5 Qf6 28. h4 h5 29. Bxd6+ Rxd6 30. Nxd6 Qxd6
31. Re8+ Bc8 32. Rxc8+ Kxc8 33. c4 a6 34. Qc3 Qf4+ 35. Kb1 Qxh4 36. Qh8+ Kc7 37. Qg7+ Kd6 38. Qg6+ Kc5 39. Qc6+ Kd4 40. Qxb6+ Kxc4
41. Qxa6+ Kxd5 42. Qb5+ Ke6 43. Qc6+ Ke5 44. Qc7+ Kd4 45. Qc3+ Kd5 46. Qb3+ Kc6 47. a4 Qe1+ 48. Ka2 h4 49. Qc3+ Qxc3 50. bxc3 Kc5
51. Kb3 h3 52. gxh3 Kd5 53. Kb4
1-0

[Event "Fly like a Bird"]
[Site "SchemingMind.com"]
[Date "2013.11.05"]
[Round "-"]
[White "private napoleon"]
[Black "mochiron"]
[Result "1-0"]
[WhiteCountry "ENG"]
[BlackCountry "JPN"]
[WhiteElo "1767"]
[WhiteRD "73"]
[BlackElo "1371"]
[BlackRD "76"]
[GameID "341141"]

1. f4 c6 2. Nf3 d5 3. d4 Bf5 4. Nc3 e6 5. e3 Nf6 6. Ne5 Nbd7 7. Bd3 Ne4 8. Nxe4 dxe4 9. Be2 Nxe5 10. fxe5 Bb4+
11. c3 Ba5 12. Qc2 O-O 13. O-O b5 14. b3 Bc7 15. Bb2 Qg5 16. c4 Bh3 17. Qxe4 f5 18. Qf3 Bg4 19. Qf2 h5 20. Bf3 Bxf3
21. Qxf3 h4 22. Qf4 Qxf4 23. exf4 bxc4 24. bxc4 g6 25. Ba3 Rf7 26. Rab1 Rh7 27. Rb7 Ba5 28. Rfb1 Rxb7 29. Rxb7 Bc3 30. Bc5 a5
31. Kf2 a4 32. a3 Kh8 33. Ke3 Rd8 34. Bd6 Rg8 35. Be7 Kh7 36. Bb4+ Kh6 37. Bxc3 g5 38. Re7 gxf4+ 39. Kxf4 Rg4+ 40. Kf3 Kg6
41. Rxe6+ Kg5 42. Bd2+ f4 43. Rf6 Kh5 44. Bxf4 h3 45. Rh6#
1-0

[Event "Fly like a Bird"]
[Site "SchemingMind.com"]
[Date "2013.11.05"]
[Round "-"]
[White "Iucounu"]
[Black "mochiron"]
[Result "0-1"]
[WhiteCountry "ENG"]
[BlackCountry "JPN"]
[WhiteElo "1289"]
[WhiteRD "49"]
[BlackElo "1377"]
[BlackRD "76"]
[GameID "341142"]

1. f4 d5 2. Nf3 g6 3. g3 Bg7 4. Bg2 c6 5. O-O Nf6 6. d3 O-O 7. Bd2 Nbd7 8. Bh3 Nc5 9. Bxc8 Rxc8 10. c3 Ng4
11. Na3 f5 12. Nc2 Qb6 13. Rb1 Nxd3+ 14. Kg2 Ndf2
0-1

[Event "Fly like a Bird"]
[Site "SchemingMind.com"]
[Date "2013.11.07"]
[Round "-"]
[White "Michal Drus"]
[Black "mochiron"]
[Result "0-1"]
[WhiteCountry "POL"]
[BlackCountry "JPN"]
[WhiteElo "1600"]
[WhiteRD "63"]
[BlackElo "1377"]
[BlackRD "76"]
[GameID "341248"]

1. f4 b6 2. e4 Bb7 3. Nc3 g6 4. Nf3 Nc6 5. d4 Bg7 6. Be3 Nf6 7. e5 Ng4 8. Qe2 d5 9. Bd2 Nxd4 10. Nxd4 O-O
11. e6 Bxd4 12. Qxg4 Bg7 13. exf7+ Rxf7 14. O-O-O d4 15. Be1 c5 16. h4 Qe8 17. Bc4 dxc3 18. Bxc3 Bxc3 19. Bxf7+ Qxf7 20. h5 Qxa2
21. bxc3 Be4 22. hxg6 Qxc2#
0-1

[Event "Fly like a Bird"]
[Site "SchemingMind.com"]
[Date "2013.11.02"]
[Round "-"]
[White "Michal Drus"]
[Black "Shanks"]
[Result "0-1"]
[WhiteCountry "POL"]
[BlackCountry "ENG"]
[WhiteElo "1600"]
[WhiteRD "63"]
[BlackElo "1444"]
[BlackRD "63"]
[GameID "341249"]

1. f4 d5 2. Nc3 d4 3. Ne4 e6 4. Nf3 Nc6 5. b3 f5 6. Nf2 Nf6 7. Bb2 Bc5 8. c3 dxc3 9. Bxc3 O-O 10. Bxf6 Qxf6
11. Nd3 Bb6 12. Nde5 Nxe5 13. Nxe5 Qh4+ 14. g3 Qe7 15. Bg2 Bd4 16. Rc1 Bxe5 17. d4 Bd6 18. e4 Bb4+ 19. Kf2 fxe4 20. Bxe4 c6
21. Qh5 g6 22. Qg4 Ba3 23. Rc3 Bb4 24. Re3 Bd6 25. h4 Bb4 26. d5 cxd5 27. Bxg6 hxg6 28. Qxg6+ Qg7 29. Rxe6 Bxe6
0-1

[Event "Fly like a Bird"]
[Site "SchemingMind.com"]
[Date "2013.11.02"]
[Round "-"]
[White "Michal Drus"]
[Black "private napoleon"]
[Result "0-1"]
[WhiteCountry "POL"]
[BlackCountry "ENG"]
[WhiteElo "1600"]
[WhiteRD "63"]
[BlackElo "1752"]
[BlackRD "68"]
[GameID "341250"]

1. f4 g6 2. d4 Bg7 3. e4 d6 4. Nc3 Nf6 5. e5 dxe5 6. fxe5 Nd5 7. Nxd5 O-O 8. Bg5 Qxd5 9. Bxe7 Re8 10. Qf3 Qxf3
11. Nxf3 Rxe7 12. O-O-O c6 13. Bc4 Be6 14. Bxe6 fxe6 15. h4 Na6 16. h5 Rc8 17. h6 Bh8 18. Rdf1 c5 19. Ng5 cxd4 20. Rh4 Bxe5
21. Re4 Bh8 22. Rxe6 Rxe6 23. Nxe6 Nc5 24. Nxc5 Rxc5 25. b4 Rf5 26. Rxf5 gxf5
0-1

[Event "Fly like a Bird"]
[Site "SchemingMind.com"]
[Date "2013.11.07"]
[Round "-"]
[White "Michal Drus"]
[Black "Iucounu"]
[Result "1-0"]
[WhiteCountry "POL"]
[BlackCountry "ENG"]
[WhiteElo "1600"]
[WhiteRD "63"]
[BlackElo "1289"]
[BlackRD "49"]
[GameID "341251"]

1. f4 d5 2. d4 Nf6 3. e3 Bf5 4. Nc3 e6 5. Nf3 Bb4 6. Ne5 Bxc3+ 7. bxc3 Nbd7 8. g4 Be4 9. Nf3 Bxf3 10. Qxf3 Ne4
11. c4 Qh4+ 12. Ke2
1-0

[Event "Fly like a Bird"]
[Site "SchemingMind.com"]
[Date "2013.11.04"]
[Round "-"]
[White "mochiron"]
[Black "Michal Drus"]
[Result "0-1"]
[WhiteCountry "JPN"]
[BlackCountry "POL"]
[WhiteElo "1377"]
[WhiteRD "76"]
[BlackElo "1600"]
[BlackRD "63"]
[GameID "341252"]

1. f4 d5 2. Nf3 g6 3. e3 Bg7 4. Be2 c5 5. O-O Nf6 6. c3 O-O 7. d4 c4 8. Nbd2 Bf5 9. Ng5 Nbd7 10. Ndf3 h6
11. Nh3 Bxh3 12. gxh3 Ne4 13. Nd2 Ndf6 14. Nxe4 Nxe4 15. h4 e6 16. Bf3 Qxh4 17. Bxe4 g5 18. Bg2 f5 19. fxg5 hxg5 20. e4 g4
21. exd5 g3 22. dxe6 Qxh2#
0-1

[Event "Fly like a Bird"]
[Site "SchemingMind.com"]
[Date "2013.11.02"]
[Round "-"]
[White "Shanks"]
[Black "Michal Drus"]
[Result "1-0"]
[WhiteCountry "ENG"]
[BlackCountry "POL"]
[WhiteElo "1403"]
[WhiteRD "68"]
[BlackElo "1583"]
[BlackRD "69"]
[GameID "341253"]

1. f4 d5 2. d4 Nf6 3. e3 Bf5 4. Nc3 e6 5. Nf3 Bb4 6. a3 Bxc3+ 7. bxc3 Ne4 8. Bb2 Nc6 9. Qe2 Qd6 10. Nh4 O-O-O
11. Nxf5 exf5 12. O-O-O Nxc3 13. Bxc3 Rhe8 14. Bb2 g6 15. h3 Nxd4 16. Rxd4 Re4 17. Rxe4 dxe4 18. g3 h6 19. Bg2
1-0

[Event "Fly like a Bird"]
[Site "SchemingMind.com"]
[Date "2013.11.02"]
[Round "-"]
[White "private napoleon"]
[Black "Michal Drus"]
[Result "0-1"]
[WhiteCountry "ENG"]
[BlackCountry "POL"]
[WhiteElo "1722"]
[WhiteRD "70"]
[BlackElo "1583"]
[BlackRD "69"]
[GameID "341254"]

1. f4 d5 2. d4 Nf6 3. Nf3 e6 4. b3 c5 5. e3 cxd4 6. exd4 Nc6 7. Bb2 Bd6 8. Ne5 Ne4 9. Nd2 Qh4+ 10. g3 Nxg3
11. hxg3 Qxg3+ 12. Ke2 Qxf4 13. Ndf3 Nxe5 14. dxe5 Bc5 15. Qd2 Qe4+
0-1

[Event "Fly like a Bird"]
[Site "SchemingMind.com"]
[Date "2013.11.06"]
[Round "-"]
[White "Iucounu"]
[Black "Michal Drus"]
[Result "0-1"]
[WhiteCountry "ENG"]
[BlackCountry "POL"]
[WhiteElo "1289"]
[WhiteRD "49"]
[BlackElo "1600"]
[BlackRD "63"]
[GameID "341255"]

1. f4 d5 2. Nf3 g6 3. g3 Nf6 4. Bg2 Bg7 5. O-O O-O 6. d3 Nc6 7. c3 Bg4 8. d4 Re8 9. h3 Bf5 10. Nbd2 Ne4
11. Nh4 Nxg3 12. Rf3 Ne4 13. Nxf5 Nf6
0-1

[Event "Fly like a Bird"]
[Site "SchemingMind.com"]
[Date "2013.11.10"]
[Round "-"]
[White "kenneth m day"]
[Black "mochiron"]
[Result "1-0"]
[WhiteCountry "USA"]
[BlackCountry "JPN"]
[WhiteElo "1764"]
[WhiteRD "48"]
[BlackElo "1377"]
[BlackRD "76"]
[GameID "341460"]

1. f4 c6 2. e4 d5 3. Nc3 dxe4 4. Nxe4 Bf5 5. Ng3 e6 6. Nf3 Be7 7. Nxf5 exf5 8. d4 Nf6 9. Bc4 Nbd7 10. O-O O-O
11. Bd3 h6 12. Bxf5 Nd5 13. Ne5 Nxe5 14. fxe5 f6 15. Qh5 Qe8 16. Bg6 Qd8 17. Bxh6 fxe5 18. Bxg7 Rxf1+ 19. Rxf1 Kxg7 20. Qh7#
1-0

[Event "Fly like a Bird"]
[Site "SchemingMind.com"]
[Date "2013.11.06"]
[Round "-"]
[White "kenneth m day"]
[Black "Shanks"]
[Result "1-0"]
[WhiteCountry "USA"]
[BlackCountry "ENG"]
[WhiteElo "1785"]
[WhiteRD "53"]
[BlackElo "1403"]
[BlackRD "68"]
[GameID "341461"]

1. f4 d5 2. Nf3 Nf6 3. e3 e6 4. d4 c6 5. Bd3 Nbd7 6. Nbd2 Be7 7. O-O O-O 8. Ne5 Nxe5 9. fxe5 Nd7 10. Rf3 c5
11. c3 c4 12. Bxh7+ Kxh7 13. Rh3+ Kg8 14. Qh5
1-0

[Event "Fly like a Bird"]
[Site "SchemingMind.com"]
[Date "2013.11.06"]
[Round "-"]
[White "kenneth m day"]
[Black "private napoleon"]
[Result "0-1"]
[WhiteCountry "USA"]
[BlackCountry "ENG"]
[WhiteElo "1764"]
[WhiteRD "48"]
[BlackElo "1752"]
[BlackRD "68"]
[GameID "341462"]

1. f4 g6 2. Nf3 Bg7 3. d4 d5 4. e3 f5 5. Bd3 Nf6 6. Nbd2 O-O 7. Qe2 Ne4 8. Ne5 Nd7 9. Nxe4 fxe4 10. Bb5 Nxe5
11. fxe5 c6 12. Ba4 e6 13. Bd2 b5 14. Bb3 a5 15. a3 Bd7 16. O-O-O Qb6 17. h4 b4 18. a4 Rac8 19. g4 c5 20. g5 c4
21. Ba2 Bxa4 22. Bb1 c3 23. b3 cxd2+ 24. Rxd2 Bxb3 25. Kb2 Bc4 26. Qh2 b3 27. c3 a4 28. h5 a3+ 29. Kc1 a2 30. hxg6 axb1=Q+
31. Kxb1 hxg6 32. Qh7+ Kf7 33. Rf2+ Ke8 34. Qxg6+ Kd8 35. Qxg7 Bd3+ 36. Kb2 Rxf2+ 37. Kc1 b2+
0-1

[Event "Fly like a Bird"]
[Site "SchemingMind.com"]
[Date "2013.11.10"]
[Round "-"]
[White "kenneth m day"]
[Black "Michal Drus"]
[Result "1-0"]
[WhiteCountry "USA"]
[BlackCountry "POL"]
[WhiteElo "1764"]
[WhiteRD "48"]
[BlackElo "1600"]
[BlackRD "63"]
[GameID "341463"]

1. f4 d5 2. Nf3 Nf6 3. e3 c5 4. d4 e6 5. c3 c4 6. Nbd2 Nc6 7. b3 a5 8. bxc4 Bd6 9. cxd5 Nxd5 10. Ne4 Bc7
11. Bd2 O-O 12. c4 Nxd4 13. Nxd4 Nxf4 14. Nb5 Nd3+ 15. Bxd3 Qxd3 16. Nxc7 Qxc4 17. Nxa8 Qxe4 18. O-O Bd7 19. Nc7 Rd8 20. Rf4
1-0

[Event "Fly like a Bird"]
[Site "SchemingMind.com"]
[Date "2013.11.06"]
[Round "-"]
[White "kenneth m day"]
[Black "Iucounu"]
[Result "1-0"]
[WhiteCountry "USA"]
[BlackCountry "ENG"]
[WhiteElo "1764"]
[WhiteRD "48"]
[BlackElo "1289"]
[BlackRD "49"]
[GameID "341464"]

1. f4 d5 2. Nf3 Nf6 3. e3 g6 4. d4 Bg7 5. Bd3 O-O 6. Nbd2 c5 7. c3 b6 8. Ne5 Qc7 9. h3 c4 10. Bc2 Nbd7
11. g4 e6 12. h4 Nxe5 13. fxe5 Nd7 14. g5 b5 15. h5 Re8 16. hxg6 fxg6 17. e4 Bb7 18. Qg4 Nf8 19. Nf3 Bh8 20. Bd2 Qf7
21. O-O-O Rad8 22. Rdf1 Bc8 23. exd5 exd5 24. Qh4
1-0

[Event "Fly like a Bird"]
[Site "SchemingMind.com"]
[Date "2013.11.10"]
[Round "-"]
[White "mochiron"]
[Black "kenneth m day"]
[Result "0-1"]
[WhiteCountry "JPN"]
[BlackCountry "USA"]
[WhiteElo "1377"]
[WhiteRD "76"]
[BlackElo "1764"]
[BlackRD "48"]
[GameID "341465"]

1. f4 e5 2. fxe5 d6 3. exd6 Bxd6 4. Nf3 Nf6 5. e3 Bg4 6. Be2 O-O 7. O-O c5 8. Nc3 Nc6 9. d4 cxd4 10. Nxd4 Bd7
11. Nf3 Qc7 12. e4 Rad8 13. Bg5 Be7 14. Bxf6 Bxf6 15. Bb5 Bg4 16. Bxc6 Rxd1 17. Raxd1 Qxc6 18. h3 Bh5 19. e5 Qc5+ 20. Kh1 Bxe5
21. Nxe5 Bxd1 22. Nxd1 Qxe5 23. Nc3 Rd8 24. a3 Rd2 25. a4 Qg3 26. Ne4 Qxg2#
0-1

[Event "Fly like a Bird"]
[Site "SchemingMind.com"]
[Date "2013.11.06"]
[Round "-"]
[White "Shanks"]
[Black "kenneth m day"]
[Result "0-1"]
[WhiteCountry "ENG"]
[BlackCountry "USA"]
[WhiteElo "1444"]
[WhiteRD "63"]
[BlackElo "1764"]
[BlackRD "48"]
[GameID "341466"]

1. f4 e5 2. fxe5 d6 3. exd6 Bxd6 4. g3 Nf6 5. Nf3 Bg4 6. Bg2 O-O 7. O-O Re8 8. Nc3 Nc6 9. d4 Qd7 10. Nb5 Bb4
11. a3 Ba5 12. b4 Bb6 13. Kh1 a6 14. Nc3 Rad8 15. Ne5 Qxd4 16. Qxd4 Nxd4 17. Nxg4 Nxg4 18. Bxb7 Nxc2 19. Ra2 Nce3 20. Bxe3 Rxe3
21. Nd5 Re5 22. Nf4 a5 23. bxa5 Bxa5 24. Bf3 Ne3 25. Rf2 Rd1+
0-1

[Event "Fly like a Bird"]
[Site "SchemingMind.com"]
[Date "2013.11.06"]
[Round "-"]
[White "private napoleon"]
[Black "kenneth m day"]
[Result "0-1"]
[WhiteCountry "ENG"]
[BlackCountry "USA"]
[WhiteElo "1752"]
[WhiteRD "68"]
[BlackElo "1764"]
[BlackRD "48"]
[GameID "341467"]

1. f4 e5 2. fxe5 d6 3. exd6 Bxd6 4. Nf3 Nf6 5. d4 O-O 6. Bg5 Re8 7. Nc3 Bg4 8. Qd3 Nc6 9. Ne4 Be7 10. Bxf6 Bxf6
11. Nxf6+ Qxf6 12. c3 Rad8 13. O-O-O Qf4+ 14. Qd2 Re3 15. g3 Qh6 16. Kb1 Rde8 17. h3 Bd7 18. g4 Na5 19. Ne5 Be6 20. h4 Rg3
21. Qxh6 gxh6 22. Bh3 f6 23. Nd3 Kh8 24. Nf2 Bc8 25. e4 Nc4 26. Rhg1 Rf3 27. Nd3 Rxh3 28. Nf4 Rf3 29. Nd5 c6 30. Nb4 Rxe4
0-1

[Event "Fly like a Bird"]
[Site "SchemingMind.com"]
[Date "2013.11.10"]
[Round "-"]
[White "Michal Drus"]
[Black "kenneth m day"]
[Result "0-1"]
[WhiteCountry "POL"]
[BlackCountry "USA"]
[WhiteElo "1600"]
[WhiteRD "63"]
[BlackElo "1764"]
[BlackRD "48"]
[GameID "341468"]

1. f4 e5 2. e4 exf4 3. Nf3 g5 4. d3 d6 5. h3 Nc6 6. Nc3 Bg7 7. Bd2 h6 8. g4 Be6 9. Bg2 Qd7 10. Qe2 Nge7
11. O-O-O O-O-O 12. h4 Bxg4 13. Qf1 Nd4 14. Nxd4 Bxd1 15. Qxd1 Bxd4 16. hxg5 hxg5 17. Ne2 Be5 18. d4 Rxh1 19. Qxh1 Bg7 20. Bh3 g4
21. Bf1 Rh8
0-1

[Event "Fly like a Bird"]
[Site "SchemingMind.com"]
[Date "2013.11.06"]
[Round "-"]
[White "Iucounu"]
[Black "kenneth m day"]
[Result "0-1"]
[WhiteCountry "ENG"]
[BlackCountry "USA"]
[WhiteElo "1494"]
[WhiteRD "57"]
[BlackElo "1785"]
[BlackRD "53"]
[GameID "341469"]

1. f4 e5 2. fxe5 d6 3. exd6 Bxd6 4. Nf3 Nf6 5. d4 Bg4 6. Nc3 O-O 7. Bg5 Nbd7 8. h3 Bh5 9. Ne4 Be7 10. Nxf6+ Nxf6
11. g4 Bg6 12. Ne5 Ne4 13. Bxe7 Qxe7 14. Nxg6 fxg6 15. Rh2 Qf6
0-1

[Event "Fly like a Bird"]
[Site "SchemingMind.com"]
[Date "2013.11.10"]
[Round "-"]
[White "Ebanon "]
[Black "mochiron"]
[Result "1-0"]
[WhiteCountry "ESP"]
[BlackCountry "JPN"]
[WhiteElo "2405"]
[WhiteRD "62"]
[BlackElo "1335"]
[BlackRD "75"]
[GameID "341616"]

1. f4 b6 2. e4 Bb7 3. Nc3 g6 4. d4 Bg7 5. Nf3 e6 6. Be3 d6 7. Qd2 Nc6 8. O-O-O Nf6 9. d5 exd5 10. exd5 Nb4
11. Bb5+ Nd7 12. Bd4 O-O 13. Bxg7 Kxg7 14. Qd4+ Kg8 15. Qxb4 Nc5 16. Kb1 Ba6 17. Bxa6 Nxa6 18. Qd4 Nc5 19. h4 a5 20. h5 b5
21. hxg6 hxg6 22. Rh8#
1-0

[Event "Fly like a Bird"]
[Site "SchemingMind.com"]
[Date "2013.11.09"]
[Round "-"]
[White "Ebanon "]
[Black "Shanks"]
[Result "1-0"]
[WhiteCountry "ESP"]
[BlackCountry "ENG"]
[WhiteElo "2405"]
[WhiteRD "62"]
[BlackElo "1403"]
[BlackRD "68"]
[GameID "341617"]

1. f4 d5 2. Nf3 Nf6 3. e3 c6 4. d4 e6 5. Bd3 Nbd7 6. O-O Ne4 7. Bxe4 dxe4 8. Ng5 Nf6 9. Nc3 h6 10. Ngxe4 Nd7
11. Qg4 Nf6 12. Nxf6+ Qxf6 13. a4 a5 14. Ne4 Qe7 15. Qf3 h5 16. b3 f5 17. Ng5 Bd7 18. Ba3 Qd8 19. Bxf8 Kxf8 20. Rae1 h4
21. e4 g6 22. exf5 gxf5 23. Rxe6 Qc8 24. Rf6+ Kg7 25. Rf7+ Kg6 26. Re1 Re8 27. Rh7 Rxe1+ 28. Kf2 Re8 29. Qh5+ Kf6 30. Qf7#
1-0

[Event "Fly like a Bird"]
[Site "SchemingMind.com"]
[Date "2013.11.09"]
[Round "-"]
[White "Ebanon "]
[Black "private napoleon"]
[Result "1-0"]
[WhiteCountry "ESP"]
[BlackCountry "ENG"]
[WhiteElo "2377"]
[WhiteRD "63"]
[BlackElo "1791"]
[BlackRD "69"]
[GameID "341618"]

1. f4 g6 2. e4 Bg7 3. d4 d6 4. Nc3 Nd7 5. Nf3 c5 6. Be3 cxd4 7. Bxd4 Ngf6 8. e5 dxe5 9. fxe5 Ng4 10. e6 Bxd4
11. exf7+ Kxf7 12. Ng5+ Ke8 13. Qxd4 Ngf6 14. Nb5 a6 15. Qc4 Rf8 16. Nc7+
1-0

[Event "Fly like a Bird"]
[Site "SchemingMind.com"]
[Date "2013.11.10"]
[Round "-"]
[White "Ebanon "]
[Black "Michal Drus"]
[Result "1-0"]
[WhiteCountry "ESP"]
[BlackCountry "POL"]
[WhiteElo "2405"]
[WhiteRD "62"]
[BlackElo "1583"]
[BlackRD "69"]
[GameID "341620"]

1. f4 d5 2. Nf3 g6 3. g3 Nf6 4. Bg2 Bg4 5. Ne5 h5 6. c4 Bf5 7. cxd5 Ng4 8. Qb3 b6 9. d6 Be6 10. dxc7 Qxc7
11. Qc3 Qxc3 12. Nxc3 Nc6 13. Bxc6+ Kd8 14. Bxa8 Bg7 15. d4 Ne3 16. Bxe3 Kc7 17. Bg2 Rd8 18. Nb5+ Kb8 19. Nc6+
1-0